Kraje z największą ilością esportowców (TOP 15) - Statystyki

Ogólne statystyki
  • Ten quiz został rozwiązany 247 razy
  • Średni wynik to 12 z 15
Statystyki odpowiedzi
liczba graczy państwo % Poprawnych
479 Polska
98%
4334 Stany Zjednoczone
97%
973 Niemcy
96%
794 Rosja
95%
817 Chiny
93%
841 Francja
93%
447 Hiszpania
91%
575 Kanada
88%
852 Brazylia
87%
500 Japonia
85%
437 Szwecja
80%
890 Korea Południowa
79%
691 Wielka Brytania
78%
452 Wietnam
31%
517 Tajlandia
23%
Nie znaleziono quizów pasujących do podanych kryteriów
Rozkład punktacji
Procent ludzi z każdym wynikiem
Percentyl według liczby udzielonych odpowiedzi
Twoja historia wyników
Nie rozwiązałeś tego quizu